000 00413nam a2200181Ia 4500
001 16745
005 20260306170333.0
008 260306t2000||||xx |||||||||||||| ||und||
041 _aESP
082 _a349.75
_bH41
100 _aHervada, Javier
_eAUT
245 0 _aUna caro:
_bescritos sobre el matrimonio
260 _c2000
300 _a
_c
650 _aGEN
654 _aCDE
942 _cLIB
_dJUS
_fJUS
_2ddc
_n
999 _c16745
_d16745